<?xml version="1.0" encoding="UTF-8"?>
<record
    xmlns:xsi="http://www.w3.org/2001/XMLSchema-instance"
    xsi:schemaLocation="http://www.loc.gov/MARC21/slim http://www.loc.gov/standards/marcxml/schema/MARC21slim.xsd"
    xmlns="http://www.loc.gov/MARC21/slim">

  <leader>00853nam a22002657a 4500</leader>
  <controlfield tag="005">20170123162330.0</controlfield>
  <datafield tag="010" ind1=" " ind2=" ">
    <subfield code="a">A-562284</subfield>
  </datafield>
  <datafield tag="020" ind1=" " ind2=" ">
    <subfield code="c">6.00</subfield>
  </datafield>
  <datafield tag="035" ind1=" " ind2=" ">
    <subfield code="a">A-562284</subfield>
  </datafield>
  <datafield tag="037" ind1=" " ind2=" ">
    <subfield code="b">Cen Lib/Ret</subfield>
  </datafield>
  <datafield tag="040" ind1=" " ind2=" ">
    <subfield code="a">DPL</subfield>
    <subfield code="b">UR</subfield>
  </datafield>
  <datafield tag="082" ind1=" " ind2=" ">
    <subfield code="a">&#x646;</subfield>
    <subfield code="b">&#x686; &#x6CC; &#x632;</subfield>
  </datafield>
  <datafield tag="100" ind1=" " ind2=" ">
    <subfield code="a">&#x6C1;&#x6CC;&#x688;&#x644;&#x6D2; &#x60C; &#x686;&#x6CC;&#x632; </subfield>
    <subfield code="9">108001</subfield>
  </datafield>
  <datafield tag="245" ind1=" " ind2=" ">
    <subfield code="a">&#x627;&#x646;&#x6AF;&#x648;&#x679;&#x6BE;&#x6CC; &#x6A9;&#x627; &#x634;&#x6A9;&#x627;&#x631; /</subfield>
    <subfield code="c">&#x6C1;&#x6CC;&#x688;&#x644;&#x6D2; &#x686;&#x6CC;&#x632; &#x61B; &#x645;&#x631;&#x627;&#x62A;&#x62C;&#x645;&#x627;&#x62E;&#x62A;&#x631; &#x62D;&#x633;&#x6CC;&#x646;  </subfield>
  </datafield>
  <datafield tag="246" ind1=" " ind2=" ">
    <subfield code="a">Angoothi ka shikar /</subfield>
    <subfield code="b">by haidle Cheez ; traslated by Akhatar Husain </subfield>
  </datafield>
  <datafield tag="260" ind1=" " ind2=" ">
    <subfield code="b">&#x646;&#x633;&#x6CC;&#x645; &#x628;&#x6A9; &#x688;&#x6CC;&#x67E;&#x648; </subfield>
    <subfield code="a">&#x644;&#x6A9;&#x6BE;&#x646;&#x648;&#x648; </subfield>
  </datafield>
  <datafield tag="270" ind1=" " ind2=" ">
    <subfield code="b">&#x644;&#x6A9;&#x6BE;&#x646;&#x648;&#x648; </subfield>
    <subfield code="a">&#x644;&#x627;&#x679;&#x648;&#x634; </subfield>
  </datafield>
  <datafield tag="300" ind1=" " ind2=" ">
    <subfield code="a">217p.</subfield>
    <subfield code="c">18cm(Hb)</subfield>
  </datafield>
  <datafield tag="650" ind1=" " ind2=" ">
    <subfield code="a">&#x627;&#x62F;&#x628; --&#x627;&#x631;&#x62F;&#x648;         </subfield>
    <subfield code="9">120796</subfield>
  </datafield>
  <datafield tag="650" ind1=" " ind2=" ">
    <subfield code="a">&#x627;&#x631;&#x62F;&#x648; &#x646;&#x627;&#x648;&#x644; </subfield>
    <subfield code="9">547</subfield>
  </datafield>
  <datafield tag="650" ind1=" " ind2=" ">
    <subfield code="a">Literature --Urdu</subfield>
    <subfield code="9">120797</subfield>
  </datafield>
  <datafield tag="650" ind1=" " ind2=" ">
    <subfield code="a">Urdu novel</subfield>
    <subfield code="9">120798</subfield>
  </datafield>
  <datafield tag="700" ind1=" " ind2=" ">
    <subfield code="a">&#x627;&#x62E;&#x62A;&#x631; &#x62D;&#x633;&#x6CC;&#x646; </subfield>
    <subfield code="9">120799</subfield>
  </datafield>
  <datafield tag="942" ind1=" " ind2=" ">
    <subfield code="2">ddc</subfield>
    <subfield code="c">UR</subfield>
    <subfield code="h">&#x646;</subfield>
    <subfield code="m">&#x686; &#x6CC; &#x632;</subfield>
  </datafield>
  <datafield tag="999" ind1=" " ind2=" ">
    <subfield code="c">107693</subfield>
    <subfield code="d">107693</subfield>
  </datafield>
  <datafield tag="952" ind1=" " ind2=" ">
    <subfield code="0">0</subfield>
    <subfield code="1">0</subfield>
    <subfield code="4">0</subfield>
    <subfield code="7">0</subfield>
    <subfield code="a">L</subfield>
    <subfield code="b">L</subfield>
    <subfield code="d">2016-01-09</subfield>
    <subfield code="e">Cen Lib/Ret</subfield>
    <subfield code="g">6.00</subfield>
    <subfield code="l">0</subfield>
    <subfield code="o">&#x646; &#x686; &#x6CC; &#x632;</subfield>
    <subfield code="p">A-562284</subfield>
    <subfield code="r">2016-01-09 00:00:00</subfield>
    <subfield code="t">1</subfield>
    <subfield code="v">6.00</subfield>
    <subfield code="w">2016-01-09</subfield>
    <subfield code="y">UR</subfield>
  </datafield>
</record>
